000 00802nam a2200205 a 4500
001 57152
003 BD-RjUL
005 20211209080456.0
008 161206s1905 ru a|||| |||| 00| 0 ben d
035 _a(BD-RjUL)57276
040 _aBD-RjUL
_bben
_cBD-RjUL
041 _aben
082 _223
_a947.084
_bSOV 1905
245 0 0 _aসোভিয়েত ইউনিয়নের সংক্ষিপ্ত ইতিহাস /
260 _aমস্কো :
_bবিদেশী ভাষায় সাহিত্য প্রকাশালয়,
_c১৯০৫
300 _a৩৫০ পৃ :
_bচিত্র ;
_c২৩ সেমি.
651 _aসোভিয়েত ইউনিয়ন
_xইতিহাস
_9169766
651 _aSoviet Union
_xHistory
_9129908
942 _2ddc
_cBK
999 _c57152
_d57152